| 000 | 00752cam a22002415a 4500 | ||
|---|---|---|---|
| 001 | L159729 | ||
| 008 | 150226s2017 xxk f 000 0 eng d | ||
| 035 | _a(Sirsi) u159729 | ||
| 041 | 0 | _aeng | |
| 100 | 1 |
_aHooper, Brendon _96168 |
|
| 245 | 0 | 0 | _aVienna's new lake district |
| 260 | _c2017 | ||
| 490 |
_aModus _vJune 2017, 34-35(2) |
||
| 520 | _aLooks at the Aspern Seestadt, a former airfield just outside the Austrian capital, which is being developed into a new smart city with mixed-use low-energy buildings. | ||
| 590 | _aKA | ||
| 650 | 2 | 4 | _aSMART CITIES |
| 650 | 2 | 4 | _aPASSIVHAUS |
| 650 | 2 | 4 | _aMIXED-USE DEVELOPMENTS |
| 650 | 2 | 4 | _aLOW-ENERGY BUILDINGS |
| 651 | 4 | _aAustria | |
| 690 | _aBUILDING AND CONSTRUCTION-PROJECTS | ||
| 942 | _n0 | ||
| 999 |
_c84940 _d84940 |
||